[Event "URU-chT"]
[Site "Montevideo"]
[Date "2023.07.23"]
[Round "4.4"]
[White "Augoustis Funti, Alexis"]
[Black "Bustelo, Tabare"]
[Result "1-0"]
[WhiteElo "1927"]
[BlackElo "1950"]
[PlyCount "79"]
[EventDate "2023.07.21"]
[EventType "team-tourn"]
[EventRounds "5"]
[EventCountry "URU"]
[SourceTitle "CBM 215 Extra"]
[Source "ChessBase"]
[SourceDate "2023.09.30"]
[SourceVersion "1"]
[SourceVersionDate "2023.09.30"]
[SourceQuality "1"]
[WhiteTeam "Banco Republica"]
[BlackTeam "Trebejos"]
[WhiteTeamCountry "URU"]
[BlackTeamCountry "URU"]

1. e4 c5 2. d4 cxd4 3. c3 d5 4. exd5 Qxd5 5. cxd4 Nc6 6. Nf3 Bg4 7. Nc3 Bxf3 8. Nxd5 Bxd1 9. Nc7+ Kd7 10. Nxa8 Bh5 11. d5 Nd4 12. Bf4 e5 13. dxe6+ fxe6 14. Rc1 Bb4+ 15. Bd2 Bxd2+ 16. Kxd2 Nc6 17. b4 Nf6 18. b5 Nb4 19. Rc7+ Kd6 20. Rxb7 Rxa8 21. Bc4 Rc8 22. Bb3 Ne4+ 23. Ke3 Rc3+ 24. Kxe4 Bg6+ 25. Kf4 Nd3+ 26. Kg5 Rc5+ 27. Kh4 Nxf2 28. Re1 e5 29. Rxa7 Rxb5 30. Ra6+ Kc7 31. Rc1+ Kb7 32. Rd6 Rb4+ 33. Rc4 Rxc4+ 34. Bxc4 Kc7 35. Rxg6 hxg6 36. Kg5 e4 37. Kxg6 Ng4 38. Kxg7 Nxh2 39. Be2 Kd6 40. a4 1-0

[Event "URU-chT"]
[Site "Montevideo"]
[Date "2023.07.23"]
[Round "5.4"]
[White "Rodriguez Farias, Eduardo"]
[Black "Augoustis Funti, Alexis"]
[Result "0-1"]
[WhiteElo "1825"]
[BlackElo "1927"]
[PlyCount "70"]
[EventDate "2023.07.21"]
[EventType "team-tourn"]
[EventRounds "5"]
[EventCountry "URU"]
[SourceTitle "CBM 215 Extra"]
[Source "ChessBase"]
[SourceDate "2023.09.30"]
[SourceVersion "1"]
[SourceVersionDate "2023.09.30"]
[SourceQuality "1"]
[WhiteTeam "Mijail Tal"]
[BlackTeam "Banco Republica"]
[WhiteTeamCountry "URU"]
[BlackTeamCountry "URU"]

1. e4 e6 2. d4 d5 3. e5 b6 4. Bb5+ c6 5. Ba4 b5 6. Bb3 a5 7. c3 c5 8. Nf3 Nc6 9. 0-0 Ba6 10. Re1 Qb6 11. Be3 cxd4 12. cxd4 a4 13. Bc2 Nb4 14. Nc3 Nxc2 15. Qxc2 Bb4 16. a3 Ba5 17. Ng5 h6 18. Nge4 dxe4 19. d5 Qc7 20. dxe6 fxe6 21. Qxe4 Bb7 22. Qg4 Bxc3 23. Rac1 Ne7 24. Rxc3 Qxe5 25. Rc5 Qe4 26. Qh5+ g6 27. Qh3 Bd5 28. Rc7 Rc8 29. f3 Qf5 30. Qg3 Rxc7 31. Qxc7 Kf7 32. Bc5 Re8 33. Qd7 Qg5 34. Re2 Qc1+ 35. Kf2 Qxc5+ 0-1

[Event "URU-ch sf"]
[Site "Montevideo"]
[Date "2019.03.05"]
[Round "7"]
[White "Ramirez, Agustin"]
[Black "Augoustis Funti, Alexis"]
[Result "0-1"]
[WhiteElo "1547"]
[BlackElo "1947"]
[PlyCount "56"]
[EventDate "2019.03.01"]
[EventType "swiss"]
[EventRounds "8"]
[EventCountry "URU"]
[SourceTitle "CBM 189 Extra"]
[Source "ChessBase"]
[SourceDate "2019.06.03"]
[SourceVersion "1"]
[SourceVersionDate "2019.06.03"]
[SourceQuality "1"]

1. e4 e6 2. d4 d5 3. exd5 exd5 4. Bd3 Bd6 5. Nf3 Bg4 6. 0-0 Nc6 7. Re1+ Nge7 8. c3 Qd7 9. Nbd2 0-0-0 10. Qa4 Ng6 11. Bb5 Rhe8 12. Bxc6 Rxe1+ 13. Nxe1 bxc6 14. Qxa7 Qe7 15. Qa6+ Kd7 16. Ndf3 Nh4 17. Qd3 Re8 18. Be3 h6 19. Nxh4 Qxh4 20. g3 Qh5 21. Ng2 g5 22. Re1 Bf3 23. Qf5+ Re6 24. Bd2 Be4 25. Rxe4 dxe4 26. Ne3 Qe2 27. Qxf7+ Be7 28. Nf1 Rf6 0-1

[Event "Montevideo Duchamp Cup 3rd"]
[Site "Montevideo"]
[Date "2019.02.14"]
[Round "7"]
[White "Dotta, Gian Franco"]
[Black "Augoustis Funti, Alexis"]
[Result "1-0"]
[WhiteElo "1896"]
[BlackElo "1984"]
[PlyCount "39"]
[EventDate "2019.02.09"]
[EventType "swiss"]
[EventRounds "9"]
[EventCountry "URU"]
[SourceTitle "CBM 188 Extra"]
[Source "ChessBase"]
[SourceDate "2019.02.26"]
[SourceVersion "1"]
[SourceVersionDate "2019.02.26"]
[SourceQuality "1"]

1. e4 e6 2. d4 d5 3. Nd2 dxe4 4. Nxe4 Nd7 5. Nf3 Ngf6 6. Nxf6+ Nxf6 7. c3 c5 8. Ne5 cxd4 9. Bb5+ Nd7 10. Qf3 Qe7 11. Bg5 f6 12. 0-0-0 a6 13. Bxd7+ Bxd7 14. Qxb7 Rd8 15. Rxd4 Qc5 16. Rxd7 Qxe5 17. Rhd1 Qxg5+ 18. Kb1 f5 19. Qc6 Qf4 20. Rxg7+ 1-0

[Event "Montevideo Duchamp Cup 3rd"]
[Site "Montevideo"]
[Date "2019.02.10"]
[Round "2"]
[White "Augoustis Funti, Alexis"]
[Black "Roselli Mailhe, Bernardo"]
[Result "0-1"]
[WhiteElo "1984"]
[BlackElo "2434"]
[PlyCount "32"]
[EventDate "2019.02.09"]
[EventType "swiss"]
[EventRounds "9"]
[EventCountry "URU"]
[SourceTitle "CBM 188 Extra"]
[Source "ChessBase"]
[SourceDate "2019.02.26"]
[SourceVersion "1"]
[SourceVersionDate "2019.02.26"]
[SourceQuality "1"]

1. e4 c5 2. d4 cxd4 3. c3 g6 4. Nf3 Bg7 5. Bc4 d6 6. 0-0 Nf6 7. e5 dxe5 8. Nxe5 0-0 9. Qb3 e6 10. Rd1 Nc6 11. Nxc6 bxc6 12. Rxd4 Qc7 13. Bf4 e5 14. Bg3 Bf5 15. Bd3 c5 16. Qc4 Be6 0-1

[Event "URU-chTB"]
[Site "Montevideo"]
[Date "2018.07.08"]
[Round "4.11"]
[White "Augoustis Funti, Alexis"]
[Black "Garcia, Axel"]
[Result "1-0"]
[WhiteElo "1994"]
[BlackElo "1849"]
[PlyCount "103"]
[EventDate "2018.07.06"]
[EventType "team-swiss"]
[EventRounds "5"]
[EventCountry "URU"]
[SourceTitle "EXT 2019"]
[Source "ChessBase"]
[SourceDate "2018.10.10"]
[SourceVersion "1"]
[SourceVersionDate "2018.10.10"]
[SourceQuality "1"]
[WhiteTeam "Banco Republica II"]
[BlackTeam "Udelar"]
[WhiteTeamCountry "URU"]
[BlackTeamCountry "URU"]

1. e4 e6 2. d4 d5 3. exd5 exd5 4. Bd3 Nc6 5. c3 Bd6 6. Nf3 Nge7 7. 0-0 Bg4 8. Nbd2 Qd7 9. Re1 0-0 10. Nf1 f6 11. Ng3 Bxg3 12. hxg3 Rfe8 13. Qb3 Na5 14. Qc2 Bxf3 15. gxf3 Ng6 16. Bd2 Nf8 17. Bf5 Qf7 18. b3 Nc6 19. Kg2 Rxe1 20. Rxe1 Re8 21. Rh1 g6 22. Bd3 Ne6 23. Be3 Ne7 24. a4 Ng7 25. a5 Nef5 26. Bf4 Re6 27. a6 bxa6 28. g4 Nd6 29. Bxa6 Qe7 30. Bd3 Nde8 31. Ra1 Re1 32. Rxa7 f5 33. Bd2 Re6 34. g5 Qd6 35. Ra6 c6 36. c4 Qd7 37. b4 Kh8 38. Qa4 dxc4 39. Bxc4 Rd6 40. Bc3 f4 41. Bd3 Rd5 42. Ra5 Qe7 43. Be4 Qxg5+ 44. Kf1 Rxa5 45. Qxa5 Qf6 46. Qe5 Qxe5 47. dxe5 Ne6 48. Bxc6 N8c7 49. b5 Nxb5 50. Bxb5 Kg7 51. Bc4 Kf7 52. Bb4 1-0

[Event "URU-chTB"]
[Site "Montevideo"]
[Date "2018.07.07"]
[Round "2.21"]
[White "Augoustis Funti, Alexis"]
[Black "Lima Abadal, Nicolas"]
[Result "1-0"]
[WhiteElo "1994"]
[BlackElo "1644"]
[PlyCount "43"]
[EventDate "2018.07.06"]
[EventType "team-swiss"]
[EventRounds "5"]
[EventCountry "URU"]
[SourceTitle "EXT 2019"]
[Source "ChessBase"]
[SourceDate "2018.10.10"]
[SourceVersion "1"]
[SourceVersionDate "2018.10.10"]
[SourceQuality "1"]
[WhiteTeam "Banco Republica II"]
[BlackTeam "San Jose"]
[WhiteTeamCountry "URU"]
[BlackTeamCountry "URU"]

1. e4 c5 2. d4 cxd4 3. c3 dxc3 4. Nxc3 Nc6 5. Nf3 e6 6. Bc4 a6 7. 0-0 b5 8. Bb3 Nge7 9. Bg5 f6 10. Be3 Na5 11. Nd4 Nxb3 12. axb3 Bb7 13. Qh5+ g6 14. Qh4 Kf7 15. Rad1 Qc7 16. Ndxb5 axb5 17. Nxb5 Qe5 18. Nd6+ Kg8 19. f4 Nf5 20. fxe5 Nxh4 21. Nxb7 g5 22. exf6 1-0

[Event "URU-chT Provinces"]
[Site "Montevideo"]
[Date "2017.08.26"]
[Round "4.1"]
[White "Esteves, Gaston"]
[Black "Augoustis Funti, Alexis"]
[Result "0-1"]
[WhiteElo "1775"]
[BlackElo "2018"]
[PlyCount "64"]
[EventDate "2017.08.25"]
[EventType "team-swiss"]
[EventRounds "5"]
[EventCountry "URU"]
[SourceTitle "EXT 2019"]
[Source "ChessBase"]
[SourceDate "2018.10.10"]
[SourceVersion "1"]
[SourceVersionDate "2018.10.10"]
[SourceQuality "1"]
[WhiteTeam "Canelones IV"]
[BlackTeam "Montevideo VI"]
[WhiteTeamCountry "URU"]
[BlackTeamCountry "URU"]

1. e4 e6 2. d4 d5 3. Nd2 dxe4 4. Nxe4 Nd7 5. Bd3 Ngf6 6. Bg5 h6 7. Nxf6+ Nxf6 8. Bxf6 Qxf6 9. Nf3 Bd6 10. 0-0 Bd7 11. Re1 0-0-0 12. Ne5 Bxe5 13. dxe5 Qg5 14. Bf1 Bc6 15. Qe2 Rd2 16. Qc4 Rhd8 17. g3 Qf5 18. Qf4 Qxf4 19. gxf4 Rxc2 20. b3 Rdd2 21. Rec1 Rxf2 22. Rxc2 Rxc2 23. b4 Rd2 24. a3 Rd4 25. Bg2 Bxg2 26. Kxg2 Rxf4 27. Rf1 Rxf1 28. Kxf1 Kd7 29. Ke2 Kc6 30. Ke3 Kd5 31. Kf4 g5+ 32. Kg4 Kxe5 0-1

[Event "URU-chTA"]
[Site "Uruguay"]
[Date "2017.07.08"]
[Round "3.1"]
[White "Braso, Jorge"]
[Black "Augoustis Funti, Alexis"]
[Result "1/2-1/2"]
[WhiteElo "2132"]
[BlackElo "2025"]
[PlyCount "39"]
[EventDate "2017.07.07"]
[EventType "team-swiss"]
[EventRounds "5"]
[EventCountry "URU"]
[SourceTitle "EXT 2018"]
[Source "ChessBase"]
[SourceDate "2017.10.13"]
[SourceVersion "1"]
[SourceVersionDate "2017.10.13"]
[SourceQuality "1"]
[WhiteTeam "Casa de Cultura Minas"]
[BlackTeam "CBR II"]
[WhiteTeamCountry "URU"]
[BlackTeamCountry "URU"]

1. e4 e6 2. Nf3 d5 3. Nc3 dxe4 4. Nxe4 Nd7 5. d4 Ngf6 6. Nxf6+ gxf6 7. d5 Nb6 8. dxe6 Qxd1+ 9. Kxd1 fxe6 10. Be3 Bd7 11. Bd3 0-0-0 12. Ke2 Nd5 13. Rhe1 Nxe3 14. fxe3 Bd6 15. Rad1 f5 16. e4 f4 17. e5 Bc5 18. Bc4 Rhg8 19. Kf1 a6 20. a4 1/2-1/2

[Event "URU-chTA"]
[Site "Uruguay"]
[Date "2017.07.08"]
[Round "2.2"]
[White "Hiriart, Guillermo"]
[Black "Augoustis Funti, Alexis"]
[Result "1/2-1/2"]
[WhiteElo "1942"]
[BlackElo "2025"]
[PlyCount "62"]
[EventDate "2017.07.07"]
[EventType "team-swiss"]
[EventRounds "5"]
[EventCountry "URU"]
[SourceTitle "EXT 2018"]
[Source "ChessBase"]
[SourceDate "2017.10.13"]
[SourceVersion "1"]
[SourceVersionDate "2017.10.13"]
[SourceQuality "1"]
[WhiteTeam "Urreta"]
[BlackTeam "CBR II"]
[WhiteTeamCountry "URU"]
[BlackTeamCountry "URU"]

1. e4 e6 2. Nc3 d5 3. d4 dxe4 4. Nxe4 Nd7 5. Bd3 Ngf6 6. f3 b6 7. Qe2 Bb7 8. Nh3 Be7 9. Bd2 c5 10. dxc5 bxc5 11. Bc3 Qb6 12. Nd2 Bd5 13. Nc4 Qc6 14. Ng5 Nh5 15. Nh3 Bh4+ 16. Kd1 0-0-0 17. Ne5 Nxe5 18. Bxe5 Qb6 19. Kc1 Bf6 20. Ba6+ Bb7 21. Bxb7+ Qxb7 22. a4 Bxe5 23. Qxe5 Rd5 24. Qe3 Rhd8 25. Ra3 Qd7 26. Nf2 Rd4 27. Qc3 Qd5 28. Re1 Nf4 29. Kb1 Nxg2 30. Rg1 Nf4 31. Qe3 Ng6 1/2-1/2

[Event "URU-chTA"]
[Site "Uruguay"]
[Date "2017.07.07"]
[Round "1.2"]
[White "Augoustis Funti, Alexis"]
[Black "Michailov, Matias"]
[Result "0-1"]
[WhiteElo "2025"]
[BlackElo "2212"]
[PlyCount "112"]
[EventDate "2017.07.07"]
[EventType "team-swiss"]
[EventRounds "5"]
[EventCountry "URU"]
[SourceTitle "EXT 2018"]
[Source "ChessBase"]
[SourceDate "2017.10.13"]
[SourceVersion "1"]
[SourceVersionDate "2017.10.13"]
[SourceQuality "1"]
[WhiteTeam "CBR II"]
[BlackTeam "Paysandu"]
[WhiteTeamCountry "URU"]
[BlackTeamCountry "URU"]

1. e4 e6 2. d4 d5 3. exd5 exd5 4. Bd3 Nc6 5. c3 Bd6 6. Nf3 Nge7 7. 0-0 Bg4 8. Nbd2 Qd7 9. b4 Bf5 10. Nb3 0-0 11. b5 Nd8 12. Nc5 Bxc5 13. dxc5 Bxd3 14. Qxd3 Ne6 15. Ne5 Qe8 16. c6 bxc6 17. bxc6 Nxc6 18. Qxd5 Nxe5 19. Qxe5 Qc6 20. Qg3 Rfd8 21. Bh6 Kh8 22. Bf4 Qc4 23. Be3 Qxc3 24. Qf3 Kg8 25. Rfc1 Qe5 26. Qc6 Qd5 27. g3 h5 28. h4 Rd6 29. Qxd5 Rxd5 30. Rc6 Ra5 31. a4 Rd8 32. Ra2 Rd1+ 33. Kg2 Rd3 34. Bd2 Re5 35. Be3 a5 36. Ba7 Rb3 37. Be3 f6 38. Kf1 Kf7 39. Bf4 Rb1+ 40. Kg2 Ree1 41. Rd2 g5 42. Bxc7 g4 43. f3 Rg1+ 44. Kf2 Rgf1+ 45. Ke3 Rbe1+ 46. Kd3 gxf3 47. Bxa5 Ra1 48. Bc3 Rxa4 49. Ke3 f5 50. Rd7+ Ke8 51. Rb7 Re4+ 52. Kd3 Rd1+ 53. Kc2 f2 54. Kxd1 f1Q+ 55. Kc2 Re2+ 56. Kd3 Qf3+ 0-1

[Event "URU-chT Interclubes Serie B"]
[Site "Montevideo"]
[Date "2016.09.25"]
[Round "5.31"]
[White "Augoustis Funti, Alexis"]
[Black "Savino, Horacio"]
[Result "1-0"]
[WhiteElo "1998"]
[BlackElo "1864"]
[PlyCount "63"]
[EventDate "2016.09.23"]
[EventType "swiss"]
[EventRounds "5"]
[EventCountry "URU"]
[SourceTitle "EXT 2024"]
[Source "ChessBase"]
[SourceDate "2023.10.10"]
[SourceVersion "1"]
[SourceVersionDate "2023.10.10"]
[SourceQuality "1"]

1. e4 e6 2. d4 d5 3. exd5 exd5 4. Bd3 Nf6 5. Nf3 Be7 6. 0-0 Bg4 7. Bf4 0-0 8. Nbd2 Nbd7 9. c3 c6 10. Qc2 Re8 11. Ne5 Bh5 12. Ndf3 c5 13. Bf5 g6 14. Bxd7 Nxd7 15. g4 Nxe5 16. Nxe5 f6 17. gxh5 fxe5 18. Bxe5 Qd7 19. f4 Qg4+ 20. Qg2 Qxg2+ 21. Kxg2 gxh5 22. dxc5 Bxc5 23. Rad1 Rad8 24. Rf3 Kf7 25. Rfd3 Ke6 26. Rh3 Rd7 27. Rxh5 Bb6 28. f5+ Kxe5 29. Re1+ Kf4 30. Rxe8 Rg7+ 31. Kh3 Kf3 32. f6 1-0

[Event "URU-chT Interclubes Serie B"]
[Site "Montevideo"]
[Date "2016.09.24"]
[Round "2.51"]
[White "Perez, Jose Luis"]
[Black "Augoustis Funti, Alexis"]
[Result "0-1"]
[WhiteElo "1617"]
[BlackElo "1998"]
[PlyCount "36"]
[EventDate "2016.09.23"]
[EventType "swiss"]
[EventRounds "5"]
[EventCountry "URU"]
[SourceTitle "EXT 2024"]
[Source "ChessBase"]
[SourceDate "2023.10.10"]
[SourceVersion "1"]
[SourceVersionDate "2023.10.10"]
[SourceQuality "1"]

1. d4 e6 2. Nf3 Nf6 3. e3 b6 4. Bd3 Bb7 5. 0-0 Be7 6. c4 d5 7. b3 0-0 8. Nc3 Ne4 9. Bb2 Nd7 10. Qc2 f5 11. cxd5 exd5 12. Rfd1 c6 13. Ne2 Bd6 14. Rac1 Qe7 15. Qb1 Rae8 16. Qa1 Ndf6 17. Rc2 Nxf2 18. Kxf2 Ng4+ 0-1

[Event "URU-ch sf"]
[Site "Colonia del Sacramento"]
[Date "2016.02.09"]
[Round "9"]
[White "Ibanez Iglesias, Juan Rodrigo"]
[Black "Augoustis Funti, Alexis"]
[Result "1-0"]
[WhiteElo "2085"]
[BlackElo "2018"]
[PlyCount "47"]
[EventDate "2016.02.05"]
[EventType "swiss"]
[EventRounds "9"]
[EventCountry "URU"]
[SourceTitle "CBM 170 Extra"]
[Source "ChessBase"]
[SourceDate "2016.02.25"]
[SourceVersion "1"]
[SourceVersionDate "2016.02.25"]
[SourceQuality "1"]

1. e4 e6 2. d4 d5 3. Nd2 dxe4 4. Nxe4 Nd7 5. Nf3 Ngf6 6. Nxf6+ Nxf6 7. Bd3 Be7 8. 0-0 0-0 9. Ne5 c5 10. dxc5 Qa5 11. Qe2 Qxc5 12. a3 Bd6 13. Re1 Qd4 14. Bg5 Bxe5 15. Qxe5 Qxf2+ 16. Kxf2 Ng4+ 17. Kg3 Nxe5 18. Rxe5 f6 19. Rc5 b6 20. Rc7 fxg5 21. Rf1 Rxf1 22. Bxf1 a5 23. Bc4 Rb8 24. Rxc8+ 1-0

[Event "Punta del Este op 4th"]
[Site "Punta del Este"]
[Date "2015.11.14"]
[Round "2"]
[White "Barandiaran, Gabriel"]
[Black "Augoustis Funti, Alexis"]
[Result "0-1"]
[WhiteElo "1785"]
[BlackElo "2025"]
[PlyCount "110"]
[EventDate "2015.11.13"]
[EventType "swiss"]
[EventRounds "5"]
[EventCountry "URU"]
[SourceTitle "CBM 169 Extra"]
[Source "ChessBase"]
[SourceDate "2015.12.18"]
[SourceVersion "1"]
[SourceVersionDate "2015.12.18"]
[SourceQuality "1"]

1. d4 e6 2. e4 d5 3. Nd2 dxe4 4. Nxe4 Nd7 5. Nf3 Ngf6 6. Bd3 Be7 7. 0-0 0-0 8. Ne5 c5 9. Nxd7 Bxd7 10. dxc5 Bc6 11. Nxf6+ Bxf6 12. c3 Qd5 13. Qf3 Qxf3 14. gxf3 Bxf3 15. Be3 Rfd8 16. Bc2 Rd5 17. Bd1 Be4 18. f3 Bd3 19. Rf2 Re5 20. Bf4 Re1+ 21. Kg2 Bh4 22. Bg3 Bg5 23. f4 Be7 24. Rf3 Rxd1 25. Rxd1 Be4 26. Bf2 Kf8 27. Kg3 Bxf3 28. Kxf3 Ke8 29. b4 a5 30. Rb1 a4 31. Rd1 Rc8 32. Rd3 h6 33. Be3 f5 34. Bd4 Rd8 35. Ke2 Kf7 36. Be5 g5 37. Rxd8 Bxd8 38. fxg5 hxg5 39. b5 Ke7 40. c6 bxc6 41. bxc6 Bb6 42. Kd3 Kd8 43. Kc4 f4 44. Kb5 Bg1 45. Bf6+ Kc7 46. Kc4 Kxc6 47. h3 f3 48. Kd3 f2 49. Ke2 f1Q+ 50. Kxf1 Be3 51. Ke2 Bc1 52. Kf3 Kd5 53. Kg4 e5 54. Bxg5 Bb2 55. Bd2 Ke4 0-1

[Event "URU-ch sf"]
[Site "Colonia del Sacramento"]
[Date "2015.02.16"]
[Round "7"]
[White "Blanchard, Marcel"]
[Black "Augoustis Funti, Alexis"]
[Result "0-1"]
[WhiteElo "1813"]
[BlackElo "1990"]
[PlyCount "84"]
[EventDate "2015.02.13"]
[EventType "swiss"]
[EventRounds "9"]
[EventCountry "URU"]
[SourceTitle "EXT 2017"]
[Source "ChessBase"]
[SourceDate "2016.10.25"]
[SourceVersion "1"]
[SourceVersionDate "2016.10.25"]
[SourceQuality "1"]

1. d4 e6 2. Nf3 Nf6 3. c4 b6 4. g3 Bb7 5. Bg2 Be7 6. 0-0 0-0 7. Nc3 d5 8. Ne5 c6 9. b3 Nfd7 10. Nd3 Na6 11. Bb2 Bf6 12. e3 Nc7 13. Qc2 Rc8 14. Rfd1 Qe7 15. Ne2 Rfd8 16. Ne5 c5 17. Nxd7 Rxd7 18. dxc5 Bxb2 19. Qxb2 bxc5 20. Rd2 Rcd8 21. Rad1 Ba6 22. cxd5 exd5 23. Nf4 d4 24. e4 g5 25. Nd3 Nb5 26. Re1 Rc7 27. e5 Nc3 28. Qa3 Bb5 29. Bh3 Rd5 30. Bg2 Rdd7 31. Bh3 g4 32. Bg2 Qg5 33. Qb2 Re7 34. h4 gxh3 35. Bxh3 Bxd3 36. Rxd3 Rxe5 37. Rxe5 Qxe5 38. Qd2 Re7 39. Bf1 Re6 40. Rf3 Qh5 41. Qf4 Re1 42. Kg2 Rxf1 0-1

[Event "URU-ch sf"]
[Site "Colonia del Sacramento"]
[Date "2015.02.15"]
[Round "4"]
[White "Augoustis Funti, Alexis"]
[Black "Saralegui Cassan, Mario"]
[Result "1-0"]
[WhiteElo "1990"]
[BlackElo "2163"]
[PlyCount "43"]
[EventDate "2015.02.13"]
[EventType "swiss"]
[EventRounds "9"]
[EventCountry "URU"]
[SourceTitle "EXT 2017"]
[Source "ChessBase"]
[SourceDate "2016.10.25"]
[SourceVersion "1"]
[SourceVersionDate "2016.10.25"]
[SourceQuality "1"]

1. e4 e5 2. Nf3 Nc6 3. Bc4 Nf6 4. d3 Be7 5. c3 0-0 6. Nbd2 d6 7. Nf1 a6 8. Bb3 Na5 9. Bc2 c5 10. Ng3 Nc6 11. 0-0 h6 12. h3 Re8 13. Nh2 d5 14. Qe2 Bf8 15. f4 dxe4 16. dxe4 exf4 17. Bxf4 Bd6 18. Rad1 Re6 19. Bxd6 Rxd6 20. e5 Rxd1 21. Rxd1 Qc7 22. exf6 1-0

[Event "URU-ch sf"]
[Site "Montevideo"]
[Date "2014.03.04"]
[Round "9"]
[White "Augoustis Funti, Alexis"]
[Black "Michailov, Matias"]
[Result "1/2-1/2"]
[WhiteElo "1966"]
[BlackElo "2127"]
[PlyCount "24"]
[EventDate "2014.02.28"]
[EventType "swiss"]
[EventRounds "9"]
[EventCountry "URU"]
[SourceTitle "CBM 159 Extra"]
[Source "ChessBase"]
[SourceDate "2014.04.24"]
[SourceVersion "1"]
[SourceVersionDate "2014.04.24"]
[SourceQuality "1"]

1. e4 e6 2. d4 d5 3. exd5 exd5 4. Bd3 Nc6 5. Nf3 Bg4 6. c3 Bd6 7. 0-0 Nge7 8. Re1 Qd7 9. Nbd2 Bf5 10. Nf1 0-0 11. Ng3 Bxd3 12. Qxd3 f6 1/2-1/2

[Event "URU-ch sf"]
[Site "Montevideo"]
[Date "2014.03.03"]
[Round "6"]
[White "Coppola, Claudio"]
[Black "Augoustis Funti, Alexis"]
[Result "1/2-1/2"]
[WhiteElo "2202"]
[BlackElo "1966"]
[PlyCount "139"]
[EventDate "2014.02.28"]
[EventType "swiss"]
[EventRounds "9"]
[EventCountry "URU"]
[SourceTitle "CBM 159 Extra"]
[Source "ChessBase"]
[SourceDate "2014.04.24"]
[SourceVersion "1"]
[SourceVersionDate "2014.04.24"]
[SourceQuality "1"]

1. b3 e6 2. Nf3 Nf6 3. e3 b6 4. Bb2 Bb7 5. d4 d5 6. Bd3 Be7 7. 0-0 0-0 8. Ne5 Ne4 9. f3 Nd6 10. c4 f6 11. Ng4 Na6 12. Nc3 Nb4 13. Be2 Nf5 14. a3 Nc6 15. cxd5 exd5 16. Nxd5 h5 17. Nf2 Na5 18. Qd3 Qxd5 19. e4 Qxb3 20. Qxb3+ Nxb3 21. Bc4+ Kh8 22. Bxb3 Nh6 23. Rfc1 c5 24. Nd3 Rfd8 25. Nf4 Bd6 26. e5 fxe5 27. dxe5 Bc7 28. Nxh5 Rd2 29. Bc3 Rd3 30. Bc4 Rxc3 31. Rxc3 Bxe5 32. Rac1 Bxc3 33. Rxc3 Rd8 34. g4 Rd4 35. Kf2 Bd5 36. Be2 Bf7 37. Ng3 Bg6 38. Re3 Rd7 39. h4 Ng8 40. h5 Bf7 41. g5 Ne7 42. g6 Ba2 43. f4 Kg8 44. f5 Kf8 45. Rf3 Ng8 46. f6 gxf6 47. h6 Nxh6 48. Rxf6+ Ke7 49. Rf4 Rd6 50. Bh5 Rf6 51. Ke3 Rxf4 52. Kxf4 Be6 53. Kg5 Ng8 54. Ne4 c4 55. Be2 b5 56. Nc3 a6 57. Bf3 Kd6 58. Bb7 Kc5 59. Bxa6 b4 60. Na4+ Kd4 61. axb4 c3 62. Nxc3 Kxc3 63. b5 Bc4 64. g7 Kb4 65. Kg6 Bxb5 66. Bb7 Bc4 67. Kh7 Ne7 68. Be4 Kc5 69. Kh6 Kd6 70. Kg5 1/2-1/2

[Event "Pan American-ch Amateur"]
[Site "Montevideo"]
[Date "2013.10.26"]
[Round "5"]
[White "Augoustis Funti, Alexis"]
[Black "Larrea, Daniela"]
[Result "1-0"]
[WhiteElo "1922"]
[BlackElo "1689"]
[PlyCount "85"]
[EventDate "2013.10.24"]
[EventType "swiss"]
[EventRounds "9"]
[EventCountry "URU"]
[SourceTitle "EXT 2014"]
[Source "ChessBase"]
[SourceDate "2013.11.20"]
[SourceVersion "1"]
[SourceVersionDate "2013.11.20"]
[SourceQuality "1"]

1. e4 c5 2. d4 cxd4 3. c3 Nf6 4. e5 Nd5 5. Bc4 e6 6. Nf3 Nc6 7. 0-0 Be7 8. Bxd5 exd5 9. Nxd4 Nxd4 10. Qxd4 0-0 11. Qxd5 d6 12. exd6 Qxd6 13. Qxd6 Bxd6 14. Be3 b6 15. Nd2 Bb7 16. Rfd1 Rfd8 17. Nc4 Bc7 18. Bd4 Bd5 19. Ne3 Be6 20. c4 Bd6 21. b3 Rd7 22. Bc3 Rad8 23. g3 Bc5 24. Rxd7 Rxd7 25. Nc2 Rd3 26. Bb4 Bxb4 27. Nxb4 Rd6 28. Nc2 a5 29. Ne3 f5 30. Rd1 Rxd1+ 31. Nxd1 a4 32. Nc3 axb3 33. axb3 Bd7 34. Nd5 b5 35. cxb5 Bxb5 36. Ne7+ Kf7 37. Nxf5 Kf6 38. Nd4 Bd7 39. f4 Ke7 40. Kf2 g6 41. Ke3 Kd6 42. Ke4 Kc5 43. Ke5 1-0

[Event "Pan American-ch Amateur"]
[Site "Montevideo"]
[Date "2013.10.26"]
[Round "4"]
[White "Ibanez Iglesias, Juan Rodrigo"]
[Black "Augoustis Funti, Alexis"]
[Result "1/2-1/2"]
[WhiteElo "1995"]
[BlackElo "1922"]
[PlyCount "43"]
[EventDate "2013.10.24"]
[EventType "swiss"]
[EventRounds "9"]
[EventCountry "URU"]
[SourceTitle "EXT 2014"]
[Source "ChessBase"]
[SourceDate "2013.11.20"]
[SourceVersion "1"]
[SourceVersionDate "2013.11.20"]
[SourceQuality "1"]

1. e4 e6 2. d4 d5 3. Nd2 dxe4 4. Nxe4 Nd7 5. Nf3 Ngf6 6. Bd3 Be7 7. 0-0 0-0 8. c3 b6 9. Re1 Bb7 10. h3 c5 11. dxc5 Nxe4 12. Bxe4 Bxe4 13. Rxe4 bxc5 14. Bf4 Nf6 15. Re1 Qb6 16. Qc2 Nd5 17. Bg3 Bf6 18. Rad1 Qa6 19. a3 c4 20. Nd2 Rfd8 21. Ne4 Be7 22. Qe2 1/2-1/2